| 000 | 00407nam a22001697a 4500 | ||
|---|---|---|---|
| 003 | NUST - PNEC | ||
| 005 | 20170116181034.0 | ||
| 008 | 150919b xxu||||| |||| 00| 0 eng d | ||
| 020 | _a0070682860 | ||
| 040 | _cLIBRARY | ||
| 082 | _a536.7 WAR | ||
| 100 |
_911266 _aWark, Kenneth |
||
| 245 |
_aThermodynamics _cKenneth Wark |
||
| 260 | _cc.1989 | ||
| 650 |
_911267 _aThermodynamics _xME |
||
| 942 |
_2ddc _cBK |
||
| 999 |
_c67848 _d67848 |
||